000 00562nam a2200241Ia 4500
003 OSt
005 20220918174226.0
006 a|||||r|||| 00| 0
007 ta
008 220917b |||||||| |||| 00| 0 eng d
024 _a11,199
037 _cTextual
040 _aARTS
_cARTS
_beng
041 _2eng
_aeng
082 _aMD53, K9
100 _aBarry W S
_949604
245 0 _aLanguage of aviation
250 _a2nd
260 _c1969
650 _aINDUSTRIAL ARTS
942 _hMD53, K9
_cTEXL
_2CC
999 _c152314
_d152314